La Liga Champions Best Scorer - Statistics

General Stats
  • This quiz has been taken 496 times
    227 since last reset
  • The average score is 15 of 45
Answer Stats
Scorer % Correct
Cristiano Ronaldo
99%
Lionel Messi
99%
Ronaldo
98%
Karim Benzema
96%
Luis Suárez
95%
Robert Lewandowski
93%
Jude Bellingham
91%
Samuel Eto'o
84%
Raúl
83%
Alfredo Di Stéfano
65%
Diego Costa
65%
Rivaldo
64%
Ferenc Puskás
59%
Hugo Sánchez
59%
Ruud van Nistelrooy
57%
Romário
48%
Hristo Stoichkov
40%
Paco Gento
32%
Roy Makaay
32%
Davor Šuker
20%
Santillana
16%
Iván Zamorano
14%
Pirri
13%
László Kubala
12%
Luis Aragonés
12%
Amancio
8%
Eulogio Martínez
6%
Rubén Baraja
6%
Jesús María Satrústegui
5%
Mista
5%
José Gárate
4%
Lyuboslav Penev
4%
Moreno
4%
Dani
3%
Manu Sarabia
3%
Pedro Uralde
3%
Steve Archibald
3%
Adrián Escudero
2%
Evaristo de Macedo
2%
Ramón Grosso
2%
Rubén Cano
2%
José Luis Artetxe
1%
José Vicente Forment
1%
Manuel Velázquez
1%
Marcial Pina
1%
No matching quizzes found
Score Distribution
Percent of People with Each Score
Percentile by Number Answered
Your Score History
You have not taken this quiz since the last reset